000
00354nam a2200157Ia 4500
005
20250423100249.0
008
250422s9999 xx 000 0 und d
020
_a
9789780878795
100
_a
Chukwuma, I.
245
0
_a
Motions without movement
260
_a
Abuja
260
_b
Cleen foundation
260
_c
2008
300
_a
172 p
942
_c
BK
999
_c
32778
_d
32778